Detalles MARC
| 000 -CABECERA |
| campo de control de longitud fija |
00867nam a2200217 a 4500 |
| 001 - NÚMERO DE CONTROL |
| campo de control |
000045698 |
| 005 - FECHA Y HORA DE LA ÚLTIMA TRANSACCIÓN |
| campo de control |
20201002052408.0 |
| 008 - DATOS DE LONGITUD FIJA--INFORMACIÓN GENERAL |
| campo de control de longitud fija |
150428s1979 cauac 000 0 spa d |
| 020 ## - NÚMERO INTERNACIONAL ESTÁNDAR DEL LIBRO |
| Número Internacional Estándar del Libro |
0934934002 |
| 040 ## - FUENTE DE LA CATALOGACIÓN |
| Centro catalogador/agencia de origen |
DO-SdBNP |
| Lengua de catalogación |
spa |
| Centro/agencia transcriptor |
BNPHU |
| 082 ## - NÚMERO DE LA CLASIFICACIÓN DECIMAL DEWEY |
| Número de clasificación |
xxxx |
| Número de documento/Ítem |
xxxx |
| 100 1# - ENTRADA PRINCIPAL--NOMBRE DE PERSONA |
| Nombre de persona |
Nettleford, Rex, |
| Fechas asociadas al nombre |
1933-2010. |
| 9 (RLIN) |
73755 |
| 245 10 - MENCIÓN DE TÍTULO |
| Título |
Caribbean cultural identity : |
| Resto del título |
the case of Jamaica : an essay in cultural dynamics / |
| Mención de responsabilidad, etc. |
Rex M. Nettleford ; foreword by Claudia Mitchell-Kernan. |
| 260 ## - PUBLICACIÓN, DISTRIBUCIÓN, ETC. |
| Lugar de publicación, distribución, etc. |
[Los Angeles, California] : |
| Nombre del editor, distribuidor, etc. |
Center for Afro-American Studies, |
| Fecha de publicación, distribución, etc. |
1979. |
| 300 ## - DESCRIPCIÓN FÍSICA |
| Extensión |
xix, 238 p. : |
| Otras características físicas |
il., retrs. ; |
| Dimensiones |
24 cm. |
| 490 1# - MENCIÓN DE SERIE |
| Mención de serie |
Afro-American culture and society |
| Designación de volumen o secuencia |
1 |
| 490 1# - MENCIÓN DE SERIE |
| Mención de serie |
Latin American studies |
| Designación de volumen o secuencia |
47 |
| 700 12 - PUNTO DE ACCESO ADICIONAL--NOMBRE DE PERSONA |
| Nombre de persona |
Mitchell-Kernan, Claudia, |
| Término indicativo de función/relación |
pról. |
| 9 (RLIN) |
73756 |
| 830 #0 - PUNTO DE ACCESO ADICIONAL DE SERIE-TÍTULO UNIFORME |
| Título uniforme |
Afro-American culture and society ; |
| Número de parte o sección de la obra |
1 |
| 9 (RLIN) |
73757 |
| 830 #0 - PUNTO DE ACCESO ADICIONAL DE SERIE-TÍTULO UNIFORME |
| Título uniforme |
Latin American studies ; |
| Número de parte o sección de la obra |
47 |
| 9 (RLIN) |
73758 |